Normal view
MARC view
Entry Topical Term
001 - CONTROL NUMBER
- control field: 35165
003 - CONTROL NUMBER IDENTIFIER
- control field: ARRUPE
005 - DATE AND TIME OF LATEST TRANSACTION
- control field: 20170824095358.0
008 - FIXED-LENGTH DATA ELEMENTS
- fixed length control field: 170824|| aca||aabn | a|a d
040 ## - CATALOGING SOURCE
- Original cataloging agency: ARRUPE
- Transcribing agency: ARRUPE
150 ## - HEADING--TOPICAL TERM
- Topical term or geographic name as entry element: Anglican Communion
- General subdivision: Missions.
670 ## - SOURCE DATA FOUND
- Source citation: Work cat.: (ARRUPE)0: Presler, Titus Leonard. 27963, Horizons of mission /, c2001.